Normal view
MARC view
- Law, Law GAT
Entry Topical Term
001 - CONTROL NUMBER
- control field: 128283
003 - CONTROL NUMBER IDENTIFIER
- control field: NUST
005 - DATE AND TIME OF LATEST TRANSACTION
- control field: 20250313101732.0
008 - FIXED-LENGTH DATA ELEMENTS
- fixed length control field: 250313|| aca||aabn | a|a d
040 ## - CATALOGING SOURCE
- Original cataloging agency: NUST
- Transcribing agency: NUST
150 ## - HEADING--TOPICAL TERM
- Topical term or geographic name entry element: Law, Law GAT
670 ## - SOURCE DATA FOUND
- Source citation: Work cat.: (NUST): Padyar, Ch. Sabar Ali 128282, Law GAT 2023:, 2024.
